书目信息 |
| 题名: |
给麻风病人的吻
|
|
| 作者: | 莫里亚克 著 ;蔡羽婷 译 | |
| 分册: | ||
| 出版信息: | 桂林 广西师范大学出版社 2025.01 |
|
| 页数: | 149页 | |
| 开本: | 16cm | |
| 丛书名: | 弗朗索瓦·莫里亚克精选集 | |
| 单 册: | ||
| 中图分类: | I565.45 | |
| 科图分类: | ||
| 主题词: | 长篇小说--chang pian xiao shuo--法国--现代 | |
| 电子资源: | ||
| ISBN: | 978-7-5598-7450-4 | |
| 000 | 01442nam 2200301 450 | |
| 001 | CAL 012025017467 | |
| 005 | 20251022144936.36 | |
| 010 | @a978-7-5598-7450-4@dCNY36.00 | |
| 099 | @aCAL 012025017467 | |
| 100 | @a20241231d2025 em y0chiy0120 ea | |
| 101 | 1 | @achi@cfre |
| 102 | @aCN@b450000 | |
| 105 | @ay z 000ay | |
| 106 | @ar | |
| 200 | 1 | @a给麻风病人的吻@Agei ma feng bing ren de wen@f(法) 弗朗索瓦·莫里亚克著@d= Le Baiser au lépreux@fFrancois Mauriac@g蔡羽婷译@zfre |
| 210 | @a桂林@c广西师范大学出版社@d2025.01 | |
| 215 | @a149页@d16cm | |
| 225 | 2 | @a弗朗索瓦·莫里亚克精选集@Afu lang suo wa · mo li ya ke jing xuan ji |
| 330 | @a本书是法国作家弗朗索瓦·莫里亚克 (1885-1970) 的长篇小说,揭开了莫里亚克进入创作成熟期的序幕。主人公让·佩罗埃尔长相丑陋,体弱多病,无法获得异性的喜爱,他娶了年轻貌美的女孩诺埃米为妻。诺埃米非常讨厌让,只是由于父母贪图地主的财产,不得不从命出嫁。婚后,夫妻生活非常不愉快。不久,让发现诺埃米对自己纯粹是出自妻子的义务和怜悯。于是,让每天去看望身患肺痨的朋友,希望染上重症,尽早离开人世,结束妻子的痛苦。 | |
| 410 | 0 | @12001^@a弗朗索瓦·莫里亚克精选集 |
| 500 | 10 | @aBaiser au lépreux@mChinese |
| 606 | 0 | @a长篇小说@Achang pian xiao shuo@y法国@z现代 |
| 690 | @aI565.45@v5 | |
| 701 | 1 | @a莫里亚克@AMoliyake@g(Mauriac, Francois),@f1885-1970@4著 |
| 702 | 0 | @a蔡羽婷@ACai Yuting@4译 |
| 801 | 0 | @aCN@c20250920 |
| 905 | @a河南城建学院图书馆@dI565.45@eM858-7@ZM858-7@f1 | |
| 998 | @aSJT | |
| 给麻风病人的吻/(法) 弗朗索瓦·莫里亚克著= Le Baiser au lépreux/Francois Mauriac/蔡羽婷译.-桂林:广西师范大学出版社,2025.01 |
| 149页;16cm.-(弗朗索瓦·莫里亚克精选集) |
| ISBN 978-7-5598-7450-4:CNY36.00 |
| 本书是法国作家弗朗索瓦·莫里亚克 (1885-1970) 的长篇小说,揭开了莫里亚克进入创作成熟期的序幕。主人公让·佩罗埃尔长相丑陋,体弱多病,无法获得异性的喜爱,他娶了年轻貌美的女孩诺埃米为妻。诺埃米非常讨厌让,只是由于父母贪图地主的财产,不得不从命出嫁。婚后,夫妻生活非常不愉快。不久,让发现诺埃米对自己纯粹是出自妻子的义务和怜悯。于是,让每天去看望身患肺痨的朋友,希望染上重症,尽早离开人世,结束妻子的痛苦。 |
| ● |
| 相关链接 |
|
|
|
正题名:给麻风病人的吻
索取号:I565.45/M858-7
 
预约/预借
| 序号 | 登录号 | 条形码 | 馆藏地/架位号 | 状态 | 备注 |
| 1 | 1637865 | 216378658 | 文学库116/116文学库 24排4列3层/ [索取号:I565.45/M858-7] | 在馆 |